El Sistema antimisil de gran envergadura y la seguridad internacional
Guardat en:
| Autor corporatiu: | |
|---|---|
| Format: | Text |
| Publicat: |
Moscú:
Agencia de Prensa Nóvosti
|
| Etiquetes: |
Afegir etiqueta
Sense etiquetes, Sigues el primer a etiquetar aquest registre!
|
MARC
| LEADER | 00000 a a2200000 04500 | ||
|---|---|---|---|
| 001 | 22412 | ||
| 003 | |||
| 040 | |||
| 090 | |a 152800 | ||
| 110 | |a Comité de Científicos Soviéticos por la Paz Contra la Amenaza Nuclear | ||
| 245 | |a El Sistema antimisil de gran envergadura y la seguridad internacional | ||
| 260 | |a Moscú: |b Agencia de Prensa Nóvosti | ||
| 300 | |a 76 p. | ||
| 999 | |c 17360 |d 17360 | ||
